000 00731nam a22001817a 4500
003 UA-OsUOA
001 14091
007 ta
008 20030721b un ||||| |||| 00| 0 ukr d
100 _aТоас Н.
942 _cSA
040 _aUA-OsUOA
_cUA-OsUOA
_dUA-OsUOA
245 _aГазові лічильники вищої проби
_b[знака якості "Вища проба" та занесення продукції п-ва в "Реєстр кращих товарів України" удостоїлася фірма "Самгаз-Рівне"]
300 _aС.5
955 _a0
773 0 _w0
_tОго
_dРівне
_d2003
_g№109/26 черв./
650 7 _aКраєзнавча робота
_2UDC
999 _c300252
_d300252